000
00266 a2200121 4500
001
61549
082
_a
005.2 SCH
090
_c
37079
_d
37079
100
_a
Schildt Herbert
245
_a
The Complete Reference Java 2
250
_a
4th
260
_b
Bandon A Norden
942
_a
CAE NUST
_k
005.2 SCH
999
_c
296622
_d
296622